Holiday Quiz

Random Holiday or Christmas Quiz

Profile: Buddy the Elf Quiz Stats

 Plays Quiz Updated Dec 19, 2018

Support Sporcle.
Go Orange.
Score 0/25 Timer 06:00
0 Plays Today
Hint Answer % Correct
First Main Elf Food GroupCandy
92%
City He Travels ToNew York City
91.3%
Fourth Food GroupSyrup
87.5%
Buddy is exceptionally good at making and throwing theseSnowballs
82.7%
What does buddy put maple syrup on during both dinner and breakfast?Spaghetti
82.1%
Enjoys finding and eating these on the streetChewed Pieces of Gum
80.9%
Buddy eats these while waiting at the Doctor's OfficeCotton Balls
76.8%
Second Food GroupCandy Canes
76.1%
Question he asks when answering the phone: 'Buddy the elf, what's...''Your favorite color?'
73.2%
'The best way to spread Christmas cheer is .....'Singing loud for all to hear
71.5%
Third Food GroupCandy Corns
70.6%
Song He Sings in Bathroom with Love InterestBaby It's Cold Outside
65.5%
What he claims fake Santa Sits OnA Throne of Lies
57.2%
Hint Answer % Correct
Buddy and his Half-brother steal this from a parkChristmas Tree
55.5%
'I just like to ________ . ________ing's my favorite!'Smile
53.1%
What does Buddy learn powers Santa's sleigh?Kringle 3000
52%
Foster FatherPapa Elf
51.8%
Insulting name he calls himself for being slow at making toysCotton-headed Ninnymuggins
44%
Biological FatherWalter Hobbs
42.6%
Store He DecoratesGimbel's
41.4%
Human Half-Brother Michael Hobbs
38.7%
What he claims fake Santa Smells LikeBeef and Cheese
37.9%
Biological MotherSusan Wells
36%
Love InterestJovie
31.4%
Full Elf NameLittle Buddy Diapers
30%

From the Vault

Batman Characters by Picture

by LTH

Movies 6m
He is vengeance. He is the night. He is part of this Sporcle quiz.
Remove Ads.
Support Sporcle.
Get the best of Sporcle when you Go Orange. This ad-free experience offers more features, more stats, and more fun while also helping to support Sporcle. Thank you for becoming a member.

Show Comments

Extras

Top Quizzes Today


Score Distribution

Your Account Isn't Verified!

In order to create a playlist on Sporcle, you need to verify the email address you used during registration. Go to your Sporcle Settings to finish the process.

Report this User

Report this user for behavior that violates our Community Guidelines.

Details: